| 000 | 01075nmm a2200337 a 4500 | ||
|---|---|---|---|
| 003 | AR-BaBNM | ||
| 005 | 20251128204707.0 | ||
| 008 | 287019s1977 ||||||||||||||000 | spa|| | ||
| 020 | _a950-22-0300-3 | ||
| 040 | _cAR-BaBNM | ||
| 100 | 1 | _aBokser, Alicia | |
| 245 | 1 | 0 |
_aEl mundo sonoro en el jardín _bguía didáctica para la actividad musical en el jardín de infantes niveles : 3, 4 y 5 años |
| 260 |
_aBuenos Aires _bRicordi _c1977 |
||
| 300 | 0 |
_a103 p. _bil. |
|
| 500 | 0 | _aIndice de canciones propuestas por niveles p. 97-98 | |
| 500 | 0 | _aIndice de canciones por títulos p. 99-100 | |
| 500 | 0 | _aIndice de canciones por autores p. 101-102 | |
| 504 | _aBibliografía p. 103 | ||
| 650 | 4 | _aENSENANZA DE LA MUSICA | |
| 650 | 4 | _aGUIA DEL DOCENTE | |
| 650 | 4 | _aOBJETIVOS EDUCACIONALES | |
| 650 | 4 | _aCANTO | |
| 650 | 4 | _aRITMO | |
| 653 | 0 | _aEDUCACION INICIAL | |
| 653 | 0 | _aJARDINES DE INFANTES | |
| 653 | 0 | _aLECTOESCRITURA | |
| 700 | 1 | _aSpivak de Bernstein, Silvia | |
| 700 | 1 |
_aSchneider, Esther S. de _eprologuista |
|
| 942 | _cBK | ||
| 998 | _cCarmen | ||
| 999 |
_c8454 _d8454 |
||